Eurovision 2026 by scribbles part 1 - Statistics

General Stats
  • This quiz has been taken 84 times
  • The average score is 11 of 12
Answer Stats
Picture Answer % Correct
Malta
100%
Croatia
99%
Lithuania
99%
Germany
97%
Switzerland
96%
Denmark
95%
Italy
95%
Czechia
93%
Moldova
93%
Estonia
88%
Montenegro
72%
Azerbaijan
64%
No matching quizzes found
Score Distribution
Percent of People with Each Score
Percentile by Number Answered
Your Score History
You have not taken this quiz